000 00684nam a2200217Ia 4500
001 b669-24071 [2894]
003 IT-MiCISF
008 161014s9999||||xx |||||||||||||| ||und||
040 _aIT-MiCISF
_cIT-MiCISF
041 _aen
100 _aPrashantham B.J.
240 _aIndian Case Studies in Therapeutic Counselling
245 0 _aIndian Case Studies in Therapeutic Counselling
250 _a1a ed.
260 _a Vellore (India)
_bChristian Counselling Centre
_c1978
300 _app. 149
500 _a / terapia, consulenza, tecniche-terapeutiche, tecniche-di-consulenza, consulenti, case-studies /
650 _aterapia
942 _cBK
957 _71
999 _a24071
_bsi
_g1
_c210329
_d210329